[Event "Madrid ch - Previa A 2013"]
[Site "Madrid ESP"]
[Date "2013.02.12"]
[Round "5.28"]
[White "Veuthey Martinez, Eloy"]
[Black "Barragan Panal, Juan Jose"]
[Result "1/2-1/2"]
[WhiteElo "1584"]
[BlackElo "1666"]
[PlyCount "74"]
[EventDate "2013.02.04"]
[EventType "swiss"]
[EventRounds "9"]
[EventCountry "ESP"]
[Source "lmi"]
[SourceDate "2013.02.04"]

1. d4 Nf6 2. Nf3 d5 3. e3 g6 4. c4 c6 5. Nc3 Bg7 6. Be2 O-O 7. O-O Re8 8. Ne5
Nbd7 9. f4 e6 10. c5 Qc7 11. Bd2 b6 12. b4 Ne4 13. Qc2 f5 14. Be1 Bf6 15. g4
Bb7 16. Nxe4 fxe4 17. g5 Nxe5 18. gxf6 Nd7 19. Bh4 Kf7 20. Bg4 Nxf6 21. Bxf6
Kxf6 22. Qg2 Qe7 23. h4 h5 24. Be2 Kf7 25. Qg5 Qxg5+ 26. fxg5+ Ke7 27. Rf6 Rg8
28. Raf1 Raf8 29. Rxf8 Rxf8 30. Rxf8 Kxf8 31. Kf2 Ke7 32. Kg3 bxc5 33. bxc5 Bc8
34. Kf4 Bb7 35. Ke5 Bc8 36. Bd1 Ba6 37. Ba4 Bb7 1/2-1/2

[Event "Madrid ch - Previa A 2013"]
[Site "Madrid ESP"]
[Date "2013.02.12"]
[Round "5.29"]
[White "Navas Marin, Felix"]
[Black "Apaza, Gabriela Erika"]
[Result "1-0"]
[WhiteElo "1556"]
[BlackElo "1196"]
[PlyCount "101"]
[EventDate "2013.02.04"]
[EventType "swiss"]
[EventRounds "9"]
[EventCountry "ESP"]
[Source "lmi"]
[SourceDate "2013.02.04"]

1. Nf3 Nf6 2. d4 e6 3. Bf4 Be7 4. e3 Nh5 5. Bg3 b6 6. Nbd2 Bb7 7. Ne5 Nf6 8.
Nef3 c5 9. c3 O-O 10. Bd3 d5 11. O-O Ba6 12. Bxa6 Nxa6 13. Ne5 Rc8 14. Qa4 Nb8
15. Qxa7 cxd4 16. exd4 Qc7 17. Qxc7 Rxc7 18. Nxf7 Rcc8 19. Ne5 Nh5 20. Rfe1
Nxg3 21. hxg3 Rf6 22. g4 Rcf8 23. Ndf3 h5 24. gxh5 Rh6 25. Kf1 Rxh5 26. Ke2 Rf4
27. Kd3 Bf6 28. Ng6 Rg4 29. Rxe6 Kf7 30. Rxb6 Kxg6 31. Rxb8 Rxg2 32. Rg1 Rxg1
33. Nxg1 Rg5 34. Ne2 Rh5 35. a4 Kf5 36. Ng3+ Kg5 37. Nxh5 Kxh5 38. Rb5 Kg6 39.
Rxd5 Kf7 40. a5 Bh4 41. f3 g5 42. a6 Bg3 43. a7 Ke6 44. Ke4 Bd6 45. a8=Q g4 46.
Qe8+ Kf6 47. Rxd6+ Kg5 48. Qe5+ Kh4 49. Kf4 Kh3 50. Qe2 gxf3 51. Rh6# 1-0

[Event "Madrid ch - Previa A 2013"]
[Site "Madrid ESP"]
[Date "2013.02.12"]
[Round "5.30"]
[White "Barragan Arriaza, Pablo"]
[Black "Suarez Mencia, Roberto"]
[Result "1-0"]
[WhiteElo "1264"]
[BlackElo "1555"]
[PlyCount "127"]
[EventDate "2013.02.04"]
[EventType "swiss"]
[EventRounds "9"]
[EventCountry "ESP"]
[Source "lmi"]
[SourceDate "2013.02.04"]

1. c4 Nf6 2. g3 g6 3. Bg2 Bg7 4. Nc3 c6 5. e3 e5 6. Nge2 d6 7. d3 Nbd7 8. Bd2
a6 9. O-O O-O 10. a3 Rb8 11. Rb1 Nc5 12. Qc2 Bf5 13. e4 Bg4 14. Rfe1 Qd7 15. b4
Ne6 16. f3 Nd4 17. Nxd4 exd4 18. Ne2 Be6 19. Nxd4 Bh3 20. Qc1 Nh5 21. Nb3 Bxg2
22. Kxg2 Rbe8 23. Bh6 d5 24. Bxg7 Kxg7 25. Qc3+ Kg8 26. Qd4 Qc7 27. cxd5 Rd8
28. Rbc1 Rfe8 29. Qc4 Qe5 30. dxc6 bxc6 31. Red1 Qg5 32. Kf2 Qf6 33. Qc3 Qe6
34. Kg2 Ng7 35. Nc5 Qe7 36. Nxa6 Ne6 37. Nc5 Nd4 38. Rd2 Nb5 39. Qb3 Qg5 40. f4
Qg4 41. h3 Qh5 42. g4 Qh6 43. Kg3 g5 44. f5 Qh4+ 45. Kg2 Nd4 46. Qd1 Rd6 47.
Qe1 Qh6 48. Qf2 Nb5 49. a4 Nc7 50. Qg3 Re7 51. a5 Rd4 52. Rb1 Nb5 53. a6 Kg7
54. e5 Nc7 55. f6+ Kf8 56. fxe7+ Kxe7 57. Ra2 Qg6 58. a7 Rd8 59. Qf3 Ra8 60.
Rf1 Nd5 61. Rd1 Nf4+ 62. Kh2 Qg7 63. Qxc6 Qxe5 64. Qe4 1-0

[Event "Madrid ch - Previa A 2013"]
[Site "Madrid ESP"]
[Date "2013.02.13"]
[Round "6.1"]
[White "Morera Rodriguez, Ignacio"]
[Black "Rosa Ramirez, Victor D"]
[Result "0-1"]
[WhiteElo "1863"]
[BlackElo "1911"]
[PlyCount "54"]
[EventDate "2013.02.04"]
[EventType "swiss"]
[EventRounds "9"]
[EventCountry "ESP"]
[Source "lmi"]
[SourceDate "2013.02.04"]

1. d4 Nf6 2. c4 e5 3. dxe5 Ng4 4. Bf4 Nc6 5. Nf3 Bb4+ 6. Nc3 Bxc3+ 7. bxc3 Qe7
8. Qd5 f6 9. exf6 Nxf6 10. Qd2 d6 11. Nd4 O-O 12. Nxc6 bxc6 13. Bg5 Bf5 14. e3
h6 15. Bxf6 Qxf6 16. Qd4 Qf7 17. Be2 Qg6 18. Bf3 Rab8 19. Bxc6 Rb2 20. f4 Bd3
21. Bf3 Rfb8 22. Qd5+ Kh8 23. Bd1 Re8 24. Qf3 Qf6 25. Rc1 d5 26. cxd5 Qb6 27.
Be2 Rxe3 0-1

[Event "Madrid ch - Previa A 2013"]
[Site "Madrid ESP"]
[Date "2013.02.13"]
[Round "6.3"]
[White "Camarero Izquierdo, Juan Carlos"]
[Black "Ruiz Quevedo, Andres"]
[Result "1-0"]
[WhiteElo "1922"]
[BlackElo "1917"]
[PlyCount "73"]
[EventDate "2013.02.04"]
[EventType "swiss"]
[EventRounds "9"]
[EventCountry "ESP"]
[Source "lmi"]
[SourceDate "2013.02.04"]

1. d4 Nf6 2. Nc3 d6 3. e4 e5 4. d5 c6 5. Bg5 Be7 6. Bxf6 Bxf6 7. Nf3 Bg4 8. h3
Bh5 9. Qd3 Be7 10. g4 Bg6 11. h4 h5 12. g5 Qa5 13. O-O-O Na6 14. dxc6 Nb4 15.
Qb5 Qxb5 16. Nxb5 bxc6 17. Nc7+ Kd7 18. Nxa8 Bxe4 19. Nxe5+ Kc8 20. f3 Bd5 21.
c4 Be6 22. a3 dxe5 23. axb4 Bxb4 24. Bh3 Bc5 25. Bxe6+ fxe6 26. Rd3 Rf8 27. Re1
Bd4 28. Re4 Kb7 29. f4 Kxa8 30. fxe5 c5 31. b4 Rf5 32. bxc5 Bxe5 33. c6 Kb8 34.
Rd7 Bf4+ 35. Kc2 e5 36. Rxg7 Rf8 37. c5 1-0

[Event "Madrid ch - Previa A 2013"]
[Site "Madrid ESP"]
[Date "2013.02.13"]
[Round "6.4"]
[White "Perez Cameselle, Francisco"]
[Black "Fernandez Garcia, Ignacio"]
[Result "0-1"]
[WhiteElo "1885"]
[BlackElo "1835"]
[PlyCount "148"]
[EventDate "2013.02.04"]
[EventType "swiss"]
[EventRounds "9"]
[EventCountry "ESP"]
[Source "lmi"]
[SourceDate "2013.02.04"]

1. e4 e6 2. d4 d5 3. exd5 exd5 4. Bd3 Nf6 5. Ne2 Bg4 6. f3 Bh5 7. Bf4 Bg6 8.
Nbc3 c6 9. Qd2 Be7 10. O-O-O b5 11. g4 a5 12. Rde1 O-O 13. h4 a4 14. h5 Bxd3
15. Qxd3 b4 16. Nd1 b3 17. cxb3 a3 18. bxa3 Bxa3+ 19. Kb1 Na6 20. Ndc3 Nd7 21.
g5 f5 22. gxf6 Qxf6 23. Ka1 Nb4 24. Qb1 Qf5 25. Qxf5 Rxf5 26. Rd1 Raf8 27. Bc1
Bxc1 28. Rxc1 Rxf3 29. Rcg1 Rf2 30. Rg3 Nf6 31. h6 g6 32. Rhg1 Ne4 33. R3g2
R2f3 34. Kb2 Nd3+ 35. Kc2 Ndf2 36. a4 Nd6 37. Rg3 R3f7 38. a5 Nfe4 39. R3g2 Ra8
40. Ra1 Rfa7 41. b4 Nc4 42. Rgg1 Ned6 43. Nf4 Rb8 44. Rgb1 Ne3+ 45. Kd3 Nef5
46. b5 cxb5 47. Ncxd5 Kf7 48. Nb4 Re8 49. Re1 Rxe1 50. Rxe1 Rxa5 51. Ne6 Ra3+
52. Kc2 Re3 53. Ng5+ Kg8 54. Rxe3 Nxe3+ 55. Kd3 Nef5 56. Ne4 Nf7 57. Nf6+ Kh8
58. Ke4 N5xh6 59. d5 Nf5 60. Ne8 h5 61. Nc7 N5d6+ 62. Kf4 g5+ 63. Kf3 Kh7 64.
Nc6 Kg6 65. Nd4 Ne5+ 66. Kg2 b4 67. Na6 Nd3 68. Kf3 g4+ 69. Ke3 Ne5 70. Nxb4
Nf5+ 71. Nxf5 Kxf5 72. Nc2 g3 73. Nd4+ Kg4 74. d6 Nc4+ 0-1

[Event "Madrid ch - Previa A 2013"]
[Site "Madrid ESP"]
[Date "2013.02.13"]
[Round "6.5"]
[White "Saber, Salah"]
[Black "Garcia Gonzalez, Pedro A"]
[Result "1-0"]
[WhiteElo "1844"]
[BlackElo "1830"]
[PlyCount "79"]
[EventDate "2013.02.04"]
[EventType "swiss"]
[EventRounds "9"]
[EventCountry "ESP"]
[Source "lmi"]
[SourceDate "2013.02.04"]

1. e4 e5 2. Nf3 Nc6 3. Bb5 a6 4. Ba4 Nf6 5. d3 b5 6. Bb3 Bc5 7. O-O d6 8. h3
O-O 9. Bg5 Be6 10. Nc3 Ne7 11. Qd2 Ng6 12. Nd5 Bxd5 13. Bxd5 Rb8 14. c3 Qd7 15.
Bxf6 gxf6 16. Qh6 c6 17. Bb3 d5 18. Rad1 Rfe8 19. g3 Bf8 20. Qh5 b4 21. c4 d4
22. Rc1 h6 23. Bd1 Ne7 24. Nh4 f5 25. exf5 f6 26. Bf3 Bg7 27. Rce1 Rf8 28. Re4
Qe8 29. Qg4 Kh7 30. Bg2 Rg8 31. Qe2 Qd7 32. Rg4 Bh8 33. Be4 Rg5 34. Rxg5 hxg5
35. Ng6 Bg7 36. Nxe7 Qxe7 37. Bxc6 Qc7 38. Qh5+ Kg8 39. Bd5+ Kf8 40. Qh7 1-0

[Event "Madrid ch - Previa A 2013"]
[Site "Madrid ESP"]
[Date "2013.02.13"]
[Round "6.7"]
[White "Olano Lanchas, Dionisio"]
[Black "Martin-Consuegra Barrilero, Francisco Javier"]
[Result "0-1"]
[WhiteElo "1759"]
[BlackElo "1883"]
[PlyCount "110"]
[EventDate "2013.02.04"]
[EventType "swiss"]
[EventRounds "9"]
[EventCountry "ESP"]
[Source "lmi"]
[SourceDate "2013.02.04"]

1. e4 d6 2. d4 Nf6 3. Bd3 e5 4. d5 c6 5. c4 Be7 6. a3 a5 7. Nc3 O-O 8. Nge2
Nbd7 9. h3 Nc5 10. Bc2 Re8 11. Be3 Na6 12. b4 Bd7 13. b5 cxb5 14. cxb5 Nc5 15.
Bxc5 dxc5 16. Qd3 Bd6 17. Qc4 b6 18. O-O Qc7 19. Ng3 g6 20. Bb3 Rf8 21. Qd3 Ne8
22. Bc4 Ng7 23. Nce2 Kh8 24. Qe3 f5 25. exf5 Bxf5 26. Rfe1 Rae8 27. Nc3 Bc8 28.
Nce4 Nf5 29. Nxf5 Rxf5 30. Nxd6 Qxd6 31. g3 Re7 32. h4 Qf6 33. Ra2 Rf3 34. Qg5
Kg7 35. Qxf6+ Kxf6 36. Be2 Rb3 37. a4 e4 38. Rd1 Re5 39. Kg2 h5 40. d6 Rb4 41.
Rdd2 Rd4 42. Rxd4 cxd4 43. f4 Rc5 44. Rd2 d3 45. Bd1 Ke6 46. Kf2 Kxd6 47. Ke3
Rc4 48. Bb3 Rb4 49. Bf7 Bf5 50. Be8 Rxa4 51. Bc6 Kc5 52. Rg2 Rc4 53. Rd2 Rc2
54. Rxc2+ dxc2 55. Kd2 e3+ 0-1

[Event "Madrid ch - Previa A 2013"]
[Site "Madrid ESP"]
[Date "2013.02.13"]
[Round "6.8"]
[White "Santamaria Baeza, Adolfo"]
[Black "Fernandez Martinez, Jose"]
[Result "1-0"]
[WhiteElo "1873"]
[BlackElo "1707"]
[PlyCount "33"]
[EventDate "2013.02.04"]
[EventType "swiss"]
[EventRounds "9"]
[EventCountry "ESP"]
[Source "lmi"]
[SourceDate "2013.02.04"]

1. e4 e5 2. Nf3 Nc6 3. Bc4 Bc5 4. c3 Nf6 5. d3 d6 6. b4 Bb6 7. a4 a6 8. Bg5 O-O
9. Nbd2 Qe7 10. h3 Be6 11. Bd5 Bxd5 12. exd5 Nd8 13. Ne4 c6 14. Bxf6 gxf6 15.
Nh4 Kh8 16. Nf5 Qd7 17. Qh5 1-0

[Event "Madrid ch - Previa A 2013"]
[Site "Madrid ESP"]
[Date "2013.02.13"]
[Round "6.9"]
[White "Maseda Iglesias, Luis"]
[Black "Barroso Barroso, Jorge"]
[Result "1/2-1/2"]
[WhiteElo "1747"]
[BlackElo "1859"]
[PlyCount "72"]
[EventDate "2013.02.04"]
[EventType "swiss"]
[EventRounds "9"]
[EventCountry "ESP"]
[Source "lmi"]
[SourceDate "2013.02.04"]

1. d4 Nf6 2. Nf3 g6 3. Nc3 d5 4. Bf4 Bg7 5. e3 O-O 6. Be2 c5 7. O-O Nc6 8. Ne5
cxd4 9. exd4 Nd7 10. Nxc6 bxc6 11. Na4 Qa5 12. c3 Ba6 13. Re1 Bxe2 14. Rxe2
Rfe8 15. Qc2 Rac8 16. Rae1 e6 17. b4 Qb5 18. Nb2 a5 19. a3 axb4 20. axb4 Ra8
21. Qd3 Ra3 22. Qc2 Rea8 23. Rc1 Ra2 24. Qd1 Nb6 25. h3 Na4 26. Nd3 Ra3 27.
Rec2 Nb6 28. Nb2 Ra2 29. g3 Nc4 30. Nxc4 Qxc4 31. Rxa2 Rxa2 32. Ra1 Qa6 33.
Rxa2 Qxa2 34. Qc1 Qa6 35. Qe1 Qa3 36. Kg2 Qa6 1/2-1/2

[Event "Madrid ch - Previa A 2013"]
[Site "Madrid ESP"]
[Date "2013.02.13"]
[Round "6.10"]
[White "Zuazua Conde, Ivan Javier"]
[Black "Gonzalez Recas, Fernando"]
[Result "1-0"]
[WhiteElo "1605"]
[BlackElo "1844"]
[PlyCount "101"]
[EventDate "2013.02.04"]
[EventType "swiss"]
[EventRounds "9"]
[EventCountry "ESP"]
[Source "lmi"]
[SourceDate "2013.02.04"]

1. d4 Nf6 2. c4 e6 3. Nc3 Bb4 4. Qc2 c5 5. dxc5 Na6 6. a3 Bxc3+ 7. Qxc3 Nxc5 8.
Bg5 Nce4 9. Bxf6 Qxf6 10. Qxf6 Nxf6 11. Nf3 O-O 12. e3 b6 13. Be2 Rd8 14. O-O
Bb7 15. Rfd1 Kf8 16. Rd4 Ke7 17. Kf1 d6 18. Rdd1 Rac8 19. Nd4 g6 20. Nb5 a6 21.
Nc3 d5 22. cxd5 Nxd5 23. Rac1 Nxc3 24. Rxd8 Rxd8 25. Rxc3 Rc8 26. Rxc8 Bxc8 27.
Ke1 Kd6 28. Kd2 a5 29. Kc3 Bb7 30. f3 Bc6 31. e4 f5 32. Bd3 fxe4 33. Bxe4 Bxe4
34. fxe4 Ke5 35. Kd3 a4 36. g3 h6 37. h4 g5 38. hxg5 hxg5 39. Ke3 g4 40. Kd3 b5
41. Ke3 Kd6 42. Kf4 Kc5 43. Kxg4 b4 44. Kf4 bxa3 45. bxa3 Kc4 46. g4 Kb3 47. g5
Kxa3 48. g6 Kb2 49. g7 a3 50. g8=Q a2 51. Qa8 1-0

[Event "Madrid ch - Previa A 2013"]
[Site "Madrid ESP"]
[Date "2013.02.13"]
[Round "6.11"]
[White "Montes De Santiago, Fernando"]
[Black "Carrera Cabaneros, Francisco"]
[Result "1-0"]
[WhiteElo "1826"]
[BlackElo "1795"]
[PlyCount "77"]
[EventDate "2013.02.04"]
[EventType "swiss"]
[EventRounds "9"]
[EventCountry "ESP"]
[Source "lmi"]
[SourceDate "2013.02.04"]

1. d4 d5 2. Nf3 e6 3. Bf4 Nf6 4. e3 c5 5. c3 Nc6 6. Bd3 a6 7. Nbd2 b5 8. a3 Be7
9. O-O O-O 10. Qc2 Bb7 11. Bg5 h6 12. Bxf6 gxf6 13. Rfe1 Kh8 14. e4 Rg8 15.
exd5 Qxd5 16. dxc5 Qh5 17. Kh1 Rxg2 18. Kxg2 Bxc5 19. Kf1 Ne5 20. Nxe5 fxe5 21.
Be4 Qh3+ 22. Ke2 Qg4+ 23. f3 Qg2+ 24. Kd1 Rd8 25. Bxb7 Qf2 26. Be4 Be3 27. Rxe3
Qxe3 28. Kc1 f5 29. Bb7 Qg1+ 30. Qd1 Qb6 31. Qe1 e4 32. fxe4 Qxb7 33. Kc2 f4
34. Rd1 Rc8 35. Qf2 e5 36. Rg1 a5 37. Qh4 Qc6 38. Qe7 Re8 39. Qg7# 1-0

[Event "Madrid ch - Previa A 2013"]
[Site "Madrid ESP"]
[Date "2013.02.13"]
[Round "6.14"]
[White "Santacruz Molina, Ildefonso"]
[Black "Corral Aragon, Juan Maria"]
[Result "1-0"]
[WhiteElo "1885"]
[BlackElo "1753"]
[PlyCount "59"]
[EventDate "2013.02.04"]
[EventType "swiss"]
[EventRounds "9"]
[EventCountry "ESP"]
[Source "lmi"]
[SourceDate "2013.02.04"]

1. d4 d5 2. Nc3 Bf5 3. Bg5 c6 4. e3 Qb6 5. Rb1 e6 6. Bd3 Bxd3 7. Qxd3 Nd7 8.
Nf3 Rc8 9. O-O c5 10. e4 dxe4 11. Nxe4 cxd4 12. Nxd4 Nc5 13. Qc4 Qa6 14. Nb5
Rc6 15. Rbd1 f6 16. Qd4 Qxb5 17. Nxc5 Rd6 18. Qe3 e5 19. Rxd6 Bxd6 20. Ne4 Bb8
21. Bh4 Ne7 22. Bxf6 Nd5 23. Qh3 Nf4 24. Qc8+ Kf7 25. Qxh8 gxf6 26. Qxf6+ Ke8
27. Qh8+ Ke7 28. Qxb8 Qd5 29. Qc7+ Kf8 30. Qd6+ 1-0

[Event "Madrid ch - Previa A 2013"]
[Site "Madrid ESP"]
[Date "2013.02.13"]
[Round "6.15"]
[White "Hernandez Gutierrez, Jose"]
[Black "Redondo Garcia, Jose Luis"]
[Result "1-0"]
[WhiteElo "1852"]
[BlackElo "1812"]
[PlyCount "131"]
[EventDate "2013.02.04"]
[EventType "swiss"]
[EventRounds "9"]
[EventCountry "ESP"]
[Source "lmi"]
[SourceDate "2013.02.04"]

1. e4 c5 2. Nf3 a6 3. c3 e6 4. d4 cxd4 5. cxd4 b5 6. Bd3 Bb7 7. O-O h6 8. Nc3
Nc6 9. a3 Rc8 10. Bf4 Na5 11. Qe2 Ne7 12. Bd6 Ng6 13. Bxf8 Kxf8 14. g3 Nb3 15.
Rad1 Qb6 16. Qe3 Ne7 17. Rfe1 Nc6 18. Bc2 Nba5 19. Qf4 Nd8 20. Ne5 Ke7 21. Bb1
g5 22. Qf6+ Kxf6 23. Nxd7+ Kg7 24. Nxb6 Rc7 25. d5 Rc5 26. Ba2 Nc4 27. Nxc4
bxc4 28. Rd4 Re8 29. Rxc4 Rxc4 30. Bxc4 exd5 31. Bxd5 Re7 32. Bxb7 Nxb7 33. f3
f5 34. Kf2 fxe4 35. Rxe4 Rd7 36. Ke2 Nc5 37. Re3 Kf7 38. b4 Nb3 39. Ne4 Nd4+
40. Kf2 Nb5 41. a4 Nc7 42. Ke2 Ne6 43. Rd3 Rd4 44. Rxd4 Nxd4+ 45. Kf2 Nc6 46.
b5 axb5 47. axb5 Nb8 48. Ke3 Ke7 49. f4 gxf4+ 50. Kxf4 Ke6 51. g4 Nd7 52. h4
Nb6 53. Nc3 Kf6 54. g5+ Kg6 55. gxh6 Kxh6 56. Kg4 Nc4 57. Nd5 Ne5+ 58. Kh3 Kh5
59. Nf4+ Kh6 60. b6 Nd7 61. b7 Kg7 62. Kg4 Kf6 63. Nd5+ Ke6 64. h5 Kxd5 65. h6
Kc6 66. b8=N+ 1-0

[Event "Madrid ch - Previa A 2013"]
[Site "Madrid ESP"]
[Date "2013.02.13"]
[Round "6.16"]
[White "Caamano Jimenez, Luis"]
[Black "Moreno Sanchez, Guillermo"]
[Result "1-0"]
[WhiteElo "1764"]
[BlackElo "1644"]
[PlyCount "83"]
[EventDate "2013.02.04"]
[EventType "swiss"]
[EventRounds "9"]
[EventCountry "ESP"]
[Source "lmi"]
[SourceDate "2013.02.04"]

1. d3 d5 2. g3 c6 3. Bg2 Nf6 4. Nf3 Nbd7 5. c4 e6 6. cxd5 cxd5 7. O-O b6 8. e4
Ba6 9. e5 Ng8 10. Re1 g6 11. Bh3 Rc8 12. Ng5 Bh6 13. f4 Bxg5 14. fxg5 Ne7 15.
Nc3 O-O 16. d4 Nc6 17. Be3 Ndb8 18. Bf1 Bxf1 19. Rxf1 a6 20. Qd2 Ne7 21. Nd1
Qc7 22. Nc3 Nf5 23. Rac1 Qd8 24. g4 Nxe3 25. Qxe3 b5 26. a3 Nc6 27. h4 Na5 28.
Rf6 Nc4 29. Qf2 Qe7 30. Rf1 Nb6 31. h5 Nd7 32. Kg2 Nb8 33. Rh1 Nd7 34. Qh4 Nb8
35. hxg6 fxg6 36. Rxg6+ Kh8 37. Rxe6 Qf7 38. Rf6 Qg7 39. g6 Rxf6 40. Qxh7+ Qxh7
41. Rxh7+ Kg8 42. exf6 1-0

[Event "Madrid ch - Previa A 2013"]
[Site "Madrid ESP"]
[Date "2013.02.13"]
[Round "6.17"]
[White "Casal Martin, Jose M"]
[Black "Lopez Peral, Enrique"]
[Result "0-1"]
[WhiteElo "1483"]
[BlackElo "1833"]
[PlyCount "78"]
[EventDate "2013.02.04"]
[EventType "swiss"]
[EventRounds "9"]
[EventCountry "ESP"]
[Source "lmi"]
[SourceDate "2013.02.04"]

1. e4 e5 2. Nf3 Nc6 3. Bb5 d6 4. O-O Bd7 5. c3 g5 6. h3 g4 7. hxg4 Bxg4 8. d4
Bd7 9. d5 Nce7 10. Bxd7+ Qxd7 11. c4 h5 12. Ng5 h4 13. Qf3 Ng6 14. Nh3 Nh6 15.
Qe2 O-O-O 16. a4 Rg8 17. Kh1 Qg4 18. f3 Qg3 19. Qf2 Qxf2 20. Rxf2 f6 21. Be3 a6
22. b4 Nf7 23. b5 Bh6 24. Ra3 Bxe3 25. Rxe3 Nf4 26. bxa6 Nxh3 27. axb7+ Kxb7
28. Rb3+ Ka6 29. gxh3 Rg3 30. Rg2 Rdg8 31. Rxg3 Rxg3 32. Nd2 Ng5 33. Rb1 Nxf3
34. Nxf3 Rxf3 35. Kg2 Rf4 36. Ra1 Kb7 37. Rf1 Rxe4 38. Rxf6 Rxc4 39. a5 Rc5 0-1

[Event "Madrid ch - Previa A 2013"]
[Site "Madrid ESP"]
[Date "2013.02.13"]
[Round "6.18"]
[White "Martinez Miura, Enrique"]
[Black "Corredor Gonzalez, Angel L"]
[Result "1-0"]
[WhiteElo "1733"]
[BlackElo "1793"]
[PlyCount "51"]
[EventDate "2013.02.04"]
[EventType "swiss"]
[EventRounds "9"]
[EventCountry "ESP"]
[Source "lmi"]
[SourceDate "2013.02.04"]

1. e4 e5 2. Nf3 Nf6 3. Nxe5 d6 4. Nf3 Nxe4 5. d4 d5 6. Bd3 Nc6 7. c3 Be7 8. O-O
O-O 9. Nbd2 Ng5 10. Nxg5 Bxg5 11. Qc2 g6 12. Nf3 Bf6 13. Bh6 Re8 14. h3 Be6 15.
Rae1 Qd7 16. Ne5 Nxe5 17. dxe5 Bh8 18. Bg5 Bxh3 19. gxh3 Qxh3 20. Re3 Qh5 21.
Rg3 Rxe5 22. f4 Re6 23. Qg2 f6 24. Rh3 Qxh3 25. Qxh3 fxg5 26. Qxe6+ 1-0

[Event "Madrid ch - Previa A 2013"]
[Site "Madrid ESP"]
[Date "2013.02.13"]
[Round "6.19"]
[White "Rodriguez Bachiller, luis"]
[Black "Beekhof Harmsen, Willen"]
[Result "1-0"]
[WhiteElo "1776"]
[BlackElo "1725"]
[PlyCount "101"]
[EventDate "2013.02.04"]
[EventType "swiss"]
[EventRounds "9"]
[EventCountry "ESP"]
[Source "lmi"]
[SourceDate "2013.02.04"]

1. Nf3 f5 2. d4 Nf6 3. c4 e6 4. Nc3 c6 5. Bf4 d5 6. e3 Nbd7 7. cxd5 exd5 8. Bd3
Ne4 9. Bxe4 fxe4 10. Ne5 Nf6 11. h3 Bd6 12. Bg5 O-O 13. Qe2 Qe8 14. Bxf6 Rxf6
15. Ng4 Rg6 16. f4 exf3 17. gxf3 b5 18. a3 b4 19. axb4 Bxb4 20. Kf2 a5 21. Ne5
Ba6 22. Qc2 Re6 23. Rag1 Rc8 24. Rg3 Bd6 25. Rhg1 Rc7 26. f4 Bxe5 27. dxe5 Rf7
28. Na4 Rxe5 29. Rxg7+ Rxg7 30. Rxg7+ Kxg7 31. Qc3 Kg6 32. Qxe5 Qxe5 33. fxe5
Kf5 34. Nc5 Bb5 35. e6 Kf6 36. Kf3 Bf1 37. h4 Ke7 38. e4 dxe4+ 39. Nxe4 Kxe6
40. Ng5+ Kd5 41. Nxh7 Kc4 42. Nf6 Kb3 43. h5 Bd3 44. Ne4 Kxb2 45. h6 a4 46. h7
a3 47. h8=Q+ Ka2 48. Qh2+ Ka1 49. Qg1+ Bb1 50. Nd2 a2 51. Qd4# 1-0

[Event "Madrid ch - Previa A 2013"]
[Site "Madrid ESP"]
[Date "2013.02.13"]
[Round "6.20"]
[White "Roldan Garcia, Angel"]
[Black "Jimenez Jimenez, Darfo"]
[Result "1-0"]
[WhiteElo "1748"]
[BlackElo "1678"]
[PlyCount "63"]
[EventDate "2013.02.04"]
[EventType "swiss"]
[EventRounds "9"]
[EventCountry "ESP"]
[Source "lmi"]
[SourceDate "2013.02.04"]

1. e4 c5 2. c3 d5 3. exd5 Qxd5 4. d4 Nf6 5. Nf3 Bg4 6. Be2 cxd4 7. Qxd4 Nc6 8.
Qxd5 Nxd5 9. Na3 e5 10. Nc4 e4 11. Ng5 Bf5 12. g4 Bg6 13. h4 h6 14. Nh3 O-O-O
15. Nf4 Bc5 16. Nxd5 Rxd5 17. Be3 Rhd8 18. Bxc5 Rxc5 19. Rd1 Rxd1+ 20. Kxd1 b5
21. Nd6+ Kd7 22. Nxb5 Ne5 23. Nd4 Rd5 24. Rh3 f5 25. gxf5 Bxf5 26. Rg3 g6 27.
Kc1 Nd3+ 28. Bxd3 exd3 29. Nxf5 d2+ 30. Kd1 Rxf5 31. Rxg6 Rxf2 32. Rxh6 1-0

[Event "Madrid ch - Previa A 2013"]
[Site "Madrid ESP"]
[Date "2013.02.13"]
[Round "6.22"]
[White "Tsakas, Nikolaos"]
[Black "Barria Arbunic, Manuel"]
[Result "1-0"]
[WhiteElo "1720"]
[BlackElo "1478"]
[PlyCount "63"]
[EventDate "2013.02.04"]
[EventType "swiss"]
[EventRounds "9"]
[EventCountry "ESP"]
[Source "lmi"]
[SourceDate "2013.02.04"]

1. e4 c5 2. Nf3 e6 3. d4 cxd4 4. Nxd4 a6 5. Bd3 b5 6. O-O d6 7. c3 Bb7 8. Be3
Nf6 9. Nd2 Be7 10. a4 Nbd7 11. axb5 axb5 12. Rxa8 Qxa8 13. Nxb5 O-O 14. Qc2 Ne5
15. f3 Nxd3 16. Qxd3 Ba6 17. c4 Qc6 18. Nd4 Qb7 19. Qb3 Qxb3 20. N4xb3 Rb8 21.
Rc1 d5 22. cxd5 exd5 23. Nc5 Bxc5 24. Rxc5 dxe4 25. Ra5 Bd3 26. fxe4 Nxe4 27.
Nxe4 Bxe4 28. Bd4 h6 29. Kf2 Rd8 30. Ra4 Rc8 31. Bc3 Rb8 32. Rxe4 1-0

[Event "Madrid ch - Previa A 2013"]
[Site "Madrid ESP"]
[Date "2013.02.13"]
[Round "6.23"]
[White "Perez-Nunez Castillo, Jose"]
[Black "Lozano Sanchez, Jose Antonio"]
[Result "1/2-1/2"]
[WhiteElo "1648"]
[BlackElo "1873"]
[PlyCount "38"]
[EventDate "2013.02.04"]
[EventType "swiss"]
[EventRounds "9"]
[EventCountry "ESP"]
[Source "lmi"]
[SourceDate "2013.02.04"]

1. d4 d5 2. Nf3 Nf6 3. c4 c6 4. e3 Bf5 5. Nc3 e6 6. a3 Nbd7 7. cxd5 exd5 8. Bd3
Ne4 9. Qc2 Ndf6 10. h3 Bg6 11. Ne5 Nd6 12. Nxg6 hxg6 13. Bd2 Be7 14. O-O-O Qd7
15. f3 Nc4 16. Bxc4 dxc4 17. Ne4 Nxe4 18. Qxe4 Qf5 19. Qxf5 gxf5 1/2-1/2

[Event "Madrid ch - Previa A 2013"]
[Site "Madrid ESP"]
[Date "2013.02.13"]
[Round "6.24"]
[White "Lucia Carpintero, Oscar"]
[Black "De Mingo Matias, Jose Andres"]
[Result "0-1"]
[WhiteElo "1683"]
[BlackElo "1476"]
[PlyCount "66"]
[EventDate "2013.02.04"]
[EventType "swiss"]
[EventRounds "9"]
[EventCountry "ESP"]
[Source "lmi"]
[SourceDate "2013.02.04"]

1. d4 d5 2. c4 Nf6 3. Nc3 g6 4. cxd5 Nxd5 5. e4 Nxc3 6. bxc3 Bg7 7. Nf3 O-O 8.
Rb1 b6 9. Be2 c5 10. Be3 Nc6 11. O-O cxd4 12. cxd4 Bg4 13. e5 e6 14. Rc1 Ne7
15. Ng5 Bxe2 16. Qxe2 Nf5 17. Rfd1 Qd5 18. Qc4 Qxc4 19. Rxc4 Nxe3 20. fxe3 Bh6
21. h4 Bxg5 22. hxg5 Rfc8 23. Rdc1 Rxc4 24. Rxc4 b5 25. Rc5 a6 26. e4 Kf8 27.
d5 Ra7 28. d6 Ke8 29. Rc8+ Kd7 30. Rh8 Kc6 31. Rxh7 Kc5 32. Kf2 Kd4 33. Rh8 Rd7
0-1

[Event "Madrid ch - Previa A 2013"]
[Site "Madrid ESP"]
[Date "2013.02.13"]
[Round "6.25"]
[White "Castro Uceda, Jose Antonio"]
[Black "Navas Marin, Felix"]
[Result "0-1"]
[WhiteElo "1668"]
[BlackElo "1556"]
[PlyCount "72"]
[EventDate "2013.02.04"]
[EventType "swiss"]
[EventRounds "9"]
[EventCountry "ESP"]
[Source "lmi"]
[SourceDate "2013.02.04"]

1. d4 Nf6 2. c4 g6 3. Nc3 Bg7 4. e4 d6 5. Nf3 O-O 6. Bd3 e5 7. d5 Na6 8. a3 Nc5
9. b4 Nxd3+ 10. Qxd3 a6 11. O-O Nh5 12. c5 f5 13. Bg5 Nf6 14. Rac1 Qe8 15. h3
fxe4 16. Nxe4 Nxe4 17. Qxe4 Bf5 18. Qe3 Qc8 19. cxd6 Qd7 20. dxc7 Rac8 21. Nxe5
Qxd5 22. Nf3 Qf7 23. Qb6 Bxh3 24. Qxb7 Qf5 25. Rfd1 Qg4 26. g3 Rxf3 27. Rd8+
Bf8 28. Qd5+ Rf7 29. Rxc8 Qxc8 30. Qd8 Qb7 31. f3 Qxf3 32. Qd2 Qxg3+ 33. Kh1
Qf3+ 34. Kg1 Rxc7 35. Rxc7 Qf1+ 36. Kh2 Bd6+ 0-1